Cello School [música impresa] / (Registro nro. 4811)

000 -CABECERA
campo de control de longitud fija 00836nam a2200229 u 4500
001 - NÚMERO DE CONTROL
campo de control 000055247
005 - FECHA Y HORA DE LA ÚLTIMA TRANSACCIÓN
campo de control 20200120223032.0
008 - DATOS DE LONGITUD FIJA--INFORMACIÓN GENERAL
campo de control de longitud fija 110301s19911992xxug fr 000 0 eng d
020 ## - NÚMERO INTERNACIONAL ESTÁNDAR DEL LIBRO
Número Internacional Estándar del Libro 0874874793 (volume 1)
-- 0874874815 (volume 2)
041 0# - CÓDIGO DE LENGUA
Código de lengua del texto/banda sonora o título independiente * eng
082 04 - NÚMERO DE LA CLASIFICACIÓN DECIMAL DEWEY
Número de clasificación 787.4
Número de documento/Ítem S89
Número de edición 21
100 1# - ENTRADA PRINCIPAL--NOMBRE DE PERSONA
Nombre de persona Suzuki, Shinichi
Fechas asociadas al nombre 1898-1998
245 10 - MENCIÓN DE TÍTULO
Título Cello School [música impresa] /
Mención de responsabilidad, etc. Shinichi Suzuki.
260 ## - PUBLICACIÓN, DISTRIBUCIÓN, ETC.
Lugar de publicación, distribución, etc. Estados Unidos :
Nombre del editor, distribuidor, etc. Alfred Publishing,
Fecha de publicación, distribución, etc. 1991.
300 ## - DESCRIPCIÓN FÍSICA
Extensión 2 v. :
Otras características físicas partituras.
500 ## - NOTA GENERAL
Nota general "Suzuki method international" tomado de la carátula
500 ## - NOTA GENERAL
Nota general Texto en inglés y japones
505 0# - NOTA DE CONTENIDO CON FORMATO
Información miscelánea v.1 :
Título cello part --
Información miscelánea v.2 :
Título cello part --
650 17 - PUNTO DE ACCESO ADICIONAL DE MATERIA--TÉRMINO DE MATERIA
Término de materia o nombre geográfico como elemento de entrada Música para violonchelo
Subdivisión general Enseñanza
Subdivisión de forma Partituras
Fuente del encabezamiento o término LEMB.
650 27 - PUNTO DE ACCESO ADICIONAL DE MATERIA--TÉRMINO DE MATERIA
Término de materia o nombre geográfico como elemento de entrada Violonchelo
Subdivisión de forma Métodos
Fuente del encabezamiento o término LEMB.
650 27 - PUNTO DE ACCESO ADICIONAL DE MATERIA--TÉRMINO DE MATERIA
Término de materia o nombre geográfico como elemento de entrada Violonchelo
Subdivisión de forma Estudios y ejercicios
-- Partituras
Fuente del encabezamiento o término LEMB.
Existencias
Estado de retiro Estado de pérdida Fuente del sistema de clasificación o colocación Estado dañado No para préstamo Código de colección Localización permanente Ubicación/localización actual Fecha de adquisición Número de inventario Total de préstamos Signatura topográfica completa Código de barras Fecha visto por última vez Número de copia Precio válido a partir de Tipo de ítem Koha Nota pública
          Colección General Biblioteca Pública San Juan Bosco Biblioteca Pública San Juan Bosco 20/01/2020 108231   787.4 S89 MOS004503 20/01/2020 v.2 ej.1 20/01/2020 Libro Ocho días
          Colección General Biblioteca Pública San Juan Bosco Biblioteca Pública San Juan Bosco 20/01/2020 108229   787.4 S89 MOS004504 20/01/2020 v.1 ej.1 20/01/2020 Libro Ocho días

© Todos los derechos reservados para la Biblioteca Pública Municipal San Juan Bosco, 2020
Secretaria de Cultura de Mosquera
Carrera 3 N° 10 Esquina Centro Cultural Barrio El Carmén Teléfono: 8270830 Ext: 34
Funcionando con KOHA
Contacto: Biblioteca Pública Municipal San Juan Bosco/ bibliotecasanjuanbosco@mosquera-cundinamarca.gov.co
Mosquera, Cundinamarca